banner koha

Flora das cangas da Serra dos Carajás, Pará, Brasil: Bixaceae (Registro n. 331427)

MARC details
000 -LÍDER
fixed length control field 01686nab a2200265 i 4500
003 - CÓDIGO MARC DA AGÊNCIA CATALOGADORA
Campo de controle BR-BrBNA
005 - DATA E HORA DA ÚLTIMA ATUALIZAÇÃO
Campo de controle 20250512130959.0
008 - CAMPO DE TAMANHO FIXO
fixed length control field 250512b2017 bl.qr|pooa||| 00| 0 por |
040 ## - FONTE DA CATALOGAÇÃO
Agência catalogadora BR-BrBNA
Idioma da catalogação por
072 ## - CATEGORIA AGRIS
Código AGRIS F70
100 ## - ENTRADA PRINCIPAL - NOME PESSOAL
Nome pessoal Fernandes Júnior, Aluisio José
100 ## - ENTRADA PRINCIPAL - NOME PESSOAL
Nome pessoal Gil, André dos Santos Bragança
245 ## - TÍTULO PRINCIPAL
Título principal Flora das cangas da Serra dos Carajás, Pará, Brasil: Bixaceae
500 ## - NOTA GERAL
Nota geral Publicação on-line; 10 ref.; 1 illus.; Summaries (En, Pt)
942 ## - ADDED ENTRY ELEMENTS (KOHA)
Koha item type Analítica
520 ## - NOTA DE RESUMO
Nota de conteúdo <br/><br/>Resumo<br/><br/>Foram encontradas duas espécies de Bixaceae na Serra dos Carajás, Pará, Brasil: Bixa orellana e <br/>Cochlospermum orinocense. São apresentadas descrições morfológicas, ilustrações, comentários taxonômicos,<br/>distribuição geográfica e habitat de cada espécie.<br/><br/>Palavras-chave: Amazônia, Bixa, Cochlospermum, FLONA Carajás, taxonomia.<br/><br/><br/><br/><br/><br/>Abstract<br/><br/>Two species of Bixaceae were found in Serra dos Carajás, Pará state, Brazil: Bixa orellana and Cochlospermum<br/>orinocense. Morphological descriptions, illustration, taxonomic comments, geographical distribution and<br/>habitat of each species are presented.<br/><br/>Key words: Amazon, Bixa, Cochlospermum, FLONA Carajás, taxonomy.
650 ## - ASSUNTO - THESAGRO
Cabeçalho tópico ou nome geográfico AMAZÔNIA
650 ## - ASSUNTO - THESAGRO
Cabeçalho tópico ou nome geográfico BIXACEAE
650 ## - ASSUNTO - THESAGRO
Cabeçalho tópico ou nome geográfico COCHLOSPERMUM REGIUM
650 ## - ASSUNTO - THESAGRO
Cabeçalho tópico ou nome geográfico CARAJÁS
650 ## - ASSUNTO - THESAGRO
Cabeçalho tópico ou nome geográfico TAXONOMIA
773 0# - ENTRADA ANALÍTICA
Host Biblionumber 709
Registro do item 350025
Imprenta Rio de Janeiro-RJ Jardim Botanico do Rio de Janeiro 1935
Outro identificador 2025-2634
Título Rodriguésia (Brazil)
ISSN 0370-6583; 2175-7860 on-line
Colação v. 68(3 special number) p. 917-920; (2017)
Número de controle de registro BR2025000921
856 ## - ACESSO E ENDEREÇO ELETRÔNICO
Identificador uniforme de recurso - URI https://www.scielo.br/j/rod/a/YnYyMK3D9qt4KcNHbtBpgMP/?format=pdf&lang=pt

Nenhum exemplar disponível.

BINAGRI

Telefone: (61)3218-2567/2388/3357/2097 - binagri@agro.gov.br

Ministério da Agricultura e Pecuária , Esplanada dos Ministérios, Bloco D, Anexo B, Brasília/DF, CEP: 70.043-900